[Event "Stay Safe Play From Home 327"]
[Site "Mustafa Kemal Atatürk"]
[Date "2020.07.23"]
[Round "7"]
[White "Klasman"]
[Black "Tunca"]
[Result "0-1"]
[WhiteElo "1487"]
[BlackElo "1766"]
[Annotator "NA"]
[PlyCount "38"]
[EventDate "2020.07.23"]
[EventType "swiss (blitz)"]

1. f4 {[%emt 0:00:02]} Nf6 {[%emt 0:00:08]} 2. Nf3 {[%emt 0:00:01]} d5 {[%emt 0:00:02]} 3. e3 {[%emt 0:00:01]} c5 {[%emt 0:00:01]} 4. d4 {[%emt 0:00:01]} Nc6 {[%emt 0:00:03]} 5. Bb5 {[%emt 0:00:02]} Bg4 {[%emt 0:00:07]} 6. Nc3 {[%emt 0:00:06]} e6 {[%emt 0:00:06]} 7. O-O {[%emt 0:00:02]} Be7 {[%emt 0:00:13]} 8. h3 {[%emt 0:01:46]} Bxf3 {[%emt 0:00:02]} 9. Qxf3 {[%emt 0:00:02]} O-O {[%emt 0:00:01]} 10. Bd2 {[%emt 0:00:04]} Qb6 {[%emt 0:00:01]} 11. Bxc6 {[%emt 0:00:02]} bxc6 {[%emt 0:00:00]} 12. Rab1 {[%emt 0:00:01]} cxd4 {[%emt 0:00:01]} 13. exd4 {[%emt 0:00:04]} Qxd4+ {[%emt 0:00:00]} 14. Be3 {[%emt 0:00:01]} Qb4 {[%emt 0:00:03]} 15. a3 {[%emt 0:00:02]} Qc4 {[%emt 0:00:08]} 16. f5 {[%emt 0:00:04]} d4 {[%emt 0:00:06]} 17. Qf4 {[%emt 0:00:07]} Bc5 {[%emt 0:00:55]} 18. Bf2 {[%emt 0:00:05]} e5 {[%emt 0:00:18]} 19. Qxe5 {[%emt 0:00:08]} Rfe8 {[%emt 0:00:00] Time (Lag: Av=0.49s, max=0.6s)} 0-1

[Event "Stay Safe Play From Home 327"]
[Site "Mustafa Kemal Atatürk"]
[Date "2020.07.23"]
[Round "8"]
[White "Greblha"]
[Black "Klasman"]
[Result "1-0"]
[WhiteElo "1906"]
[BlackElo "1481"]
[PlyCount "51"]
[EventDate "2020.07.23"]
[EventType "swiss (blitz)"]

1. e4 {[%emt 0:00:01]} f5 {[%emt 0:00:01]} 2. exf5 {[%emt 0:00:02]} Nf6 {[%emt 0:00:01]} 3. d4 {[%emt 0:00:02]} d5 {[%emt 0:00:01]} 4. Bd3 {[%emt 0:00:02]} e6 {[%emt 0:00:03]} 5. fxe6 {[%emt 0:00:03]} Nc6 {[%emt 0:00:01]} 6. c3 {[%emt 0:00:02]} Bxe6 {[%emt 0:00:04]} 7. Nf3 {[%emt 0:00:01]} Bg4 {[%emt 0:00:03]} 8. O-O {[%emt 0:00:01]} Be7 {[%emt 0:00:04]} 9. Nbd2 {[%emt 0:00:02]} O-O {[%emt 0:00:02]} 10. Qc2 {[%emt 0:00:01]} Bd6 {[%emt 0:00:07]} 11. Re1 {[%emt 0:00:02]} Qd7 {[%emt 0:00:01]} 12. Ne5 {[%emt 0:00:02]} Bxe5 {[%emt 0:00:14]} 13. dxe5 {[%emt 0:00:02]} Rae8 {[%emt 0:00:08]} 14. h3 {[%emt 0:00:15]} Bh5 {[%emt 0:00:09]} 15. f4 {[%emt 0:00:07]} d4 {[%emt 0:00:22]} 16. Ne4 {[%emt 0:00:12]} Nd5 {[%emt 0:00:17]} 17. Nc5 {[%emt 0:00:11]} Qc8 {[%emt 0:00:12]} 18. Bxh7+ {[%emt 0:00:01]} Kh8 {[%emt 0:00:09]} 19. Bg6 {[%emt 0:00:01]} Bxg6 {[%emt 0:00:06]} 20. Qxg6 {[%emt 0:00:00]} Nxf4 {[%emt 0:00:05]} 21. Bxf4 {[%emt 0:00:02]} Rxf4 {[%emt 0:00:01]} 22. Nxb7 {[%emt 0:00:15]} Nxe5 {[%emt 0:00:16]} 23. Qh5+ {[%emt 0:00:04]} Kg8 {[%emt 0:00:05]} 24. Rxe5 {[%emt 0:00:01]} Ref8 {[%emt 0:00:15]} 25. Nc5 {[%emt 0:00:13]} dxc3 {[%emt 0:00:11]} 26. bxc3 {[%emt 0:00:02] Time (Lag: Av=0.43s, max=0.6s)} 1-0

[Event "Stay Safe Play From Home 327"]
[Site "Mustafa Kemal Atatürk"]
[Date "2020.07.23"]
[Round "8"]
[White "Ionelluca"]
[Black "Timbre"]
[Result "1-0"]
[WhiteElo "1903"]
[BlackElo "1643"]
[PlyCount "65"]
[EventDate "2020.07.23"]
[EventType "swiss (blitz)"]

1. c4 {[%emt 0:00:02]} c6 {[%emt 0:00:01]} 2. g3 {[%emt 0:00:03]} d5 {[%emt 0:00:01]} 3. Bg2 {[%emt 0:00:01]} Nf6 {[%emt 0:00:01]} 4. Nf3 {[%emt 0:00:01]} Bf5 {[%emt 0:00:01]} 5. b3 {[%emt 0:00:01]} e6 {[%emt 0:00:01]} 6. d3 {[%emt 0:00:01]} Be7 {[%emt 0:00:01]} 7. Bd2 {[%emt 0:00:01]} Nbd7 {[%emt 0:00:01]} 8. O-O {[%emt 0:00:02]} a6 {[%emt 0:00:01]} 9. Bc3 {[%emt 0:00:02]} O-O {[%emt 0:00:02]} 10. Nbd2 {[%emt 0:00:01]} Rc8 {[%emt 0:00:04]} 11. Re1 {[%emt 0:00:01]} Qc7 {[%emt 0:00:03]} 12. e4 {[%emt 0:00:01]} dxe4 {[%emt 0:00:02]} 13. dxe4 {[%emt 0:00:01]} Bg6 {[%emt 0:00:02]} 14. Rc1 {[%emt 0:00:06]} Nc5 {[%emt 0:00:04]} 15. Ne5 {[%emt 0:00:11]} Rcd8 {[%emt 0:00:04]} 16. Qc2 {[%emt 0:00:08]} Nfd7 {[%emt 0:00:08]} 17. Nxg6 {[%emt 0:00:05]} hxg6 {[%emt 0:00:02]} 18. b4 {[%emt 0:00:01]} Nxe4 {[%emt 0:00:18]} 19. Nxe4 {[%emt 0:00:04]} Nf6 {[%emt 0:00:01]} 20. Nxf6+ {[%emt 0:00:06]} Bxf6 {[%emt 0:00:01]} 21. Bxf6 {[%emt 0:00:01]} gxf6 {[%emt 0:00:01]} 22. Rcd1 {[%emt 0:00:03]} Kg7 {[%emt 0:00:02]} 23. h3 {[%emt 0:00:02]} Rde8 {[%emt 0:00:06]} 24. c5 {[%emt 0:00:05]} Rh8 {[%emt 0:00:03]} 25. Rd6 {[%emt 0:00:02]} Rh5 {[%emt 0:00:07]} 26. Red1 {[%emt 0:00:02]} Reh8 {[%emt 0:00:05]} 27. Qc3 {[%emt 0:00:04]} Qb8 {[%emt 0:00:20]} 28. a4 {[%emt 0:00:11]} b6 {[%emt 0:00:01]} 29. Rxc6 {[%emt 0:00:03]} bxc5 {[%emt 0:00:02]} 30. Rxc5 {[%emt 0:00:03]} R5h6 {[%emt 0:00:05]} 31. Rc7 {[%emt 0:00:04]} Rxh3 {[%emt 0:00:18]} 32. Bxh3 {[%emt 0:00:05]} Rxh3 {[%emt 0:00:02]} 33. Rdd7 {[%emt 0:00:05] Timbre resigns (Lag: Av=0.54s, max=0.9s)} 1-0

[Event "Stay Safe Play From Home 327"]
[Site "Mustafa Kemal Atatürk"]
[Date "2020.07.23"]
[Round "8"]
[White "Haris kollari 13"]
[Black "Lazieri3"]
[Result "1-0"]
[WhiteElo "1855"]
[BlackElo "2015"]
[Annotator "NA"]
[PlyCount "101"]
[EventDate "2020.07.23"]
[EventType "swiss (blitz)"]

1. e4 {[%emt 0:00:01]} d5 {[%emt 0:00:01]} 2. exd5 {[%emt 0:00:01]} Qxd5 {[%emt 0:00:01]} 3. c4 {[%emt 0:00:01]} Qd8 {[%emt 0:00:01]} 4. Nc3 {[%emt 0:00:01]} Nf6 {[%emt 0:00:00]} 5. d4 {[%emt 0:00:01]} Bg4 {[%emt 0:00:01]} 6. Nf3 {[%emt 0:00:06]} e6 {[%emt 0:00:02]} 7. Be2 {[%emt 0:00:01]} c6 {[%emt 0:00:02]} 8. O-O {[%emt 0:00:03]} h6 {[%emt 0:00:02]} 9. Be3 {[%emt 0:00:01]} Bd6 {[%emt 0:00:01]} 10. h3 {[%emt 0:00:02]} Bh5 {[%emt 0:00:01]} 11. Bd3 {[%emt 0:00:02]} Nbd7 {[%emt 0:00:07]} 12. a3 {[%emt 0:00:01]} Qc7 {[%emt 0:00:02]} 13. b4 {[%emt 0:00:04]} Bf4 {[%emt 0:00:01]} 14. Qe2 {[%emt 0:00:03]} Bxe3 {[%emt 0:00:01]} 15. fxe3 {[%emt 0:00:01]} Bxf3 {[%emt 0:00:11]} 16. Qxf3 {[%emt 0:00:02]} a5 {[%emt 0:00:05]} 17. e4 {[%emt 0:00:04]} e5 {[%emt 0:00:14]} 18. d5 {[%emt 0:00:05]} axb4 {[%emt 0:00:01]} 19. axb4 {[%emt 0:00:01]} O-O {[%emt 0:00:03]} 20. c5 {[%emt 0:00:07]} cxd5 {[%emt 0:00:03]} 21. exd5 {[%emt 0:00:01]} Rxa1 {[%emt 0:00:04]} 22. Rxa1 {[%emt 0:00:02]} Nxc5 {[%emt 0:00:02]} 23. bxc5 {[%emt 0:00:13]} Qxc5+ {[%emt 0:00:00]} 24. Kh1 {[%emt 0:00:02]} Re8 {[%emt 0:00:33]} 25. Ne4 {[%emt 0:00:06]} Nxe4 {[%emt 0:00:08]} 26. Qxe4 {[%emt 0:00:01]} g6 {[%emt 0:00:01]} 27. Qc4 {[%emt 0:00:10]} Qe3 {[%emt 0:00:08]} 28. Qe4 {[%emt 0:00:06]} Qc5 {[%emt 0:00:06]} 29. Re1 {[%emt 0:00:03]} b5 {[%emt 0:00:14]} 30. Rb1 {[%emt 0:00:04]} Rd8 {[%emt 0:00:07]} 31. Rxb5 {[%emt 0:00:06]} Qc1+ {[%emt 0:00:01]} 32. Kh2 {[%emt 0:00:02]} Qg5 {[%emt 0:00:02]} 33. Be2 {[%emt 0:00:08]} Qe7 {[%emt 0:00:04]} 34. Qc4 {[%emt 0:00:04]} e4 {[%emt 0:00:02]} 35. Rc5 {[%emt 0:00:06]} Qe5+ {[%emt 0:00:02]} 36. g3 {[%emt 0:00:01]} h5 {[%emt 0:00:03]} 37. h4 {[%emt 0:00:02]} g5 {[%emt 0:00:02]} 38. hxg5 {[%emt 0:00:07]} h4 {[%emt 0:00:01]} 39. Qc3 {[%emt 0:00:03]} Qxg5 {[%emt 0:00:03]} 40. gxh4 {[%emt 0:00:05]} Qxh4+ {[%emt 0:00:03]} 41. Kg2 {[%emt 0:00:02]} Kh7 {[%emt 0:00:05]} 42. Qh3 {[%emt 0:00:04]} Rg8+ {[%emt 0:00:01]} 43. Kh2 {[%emt 0:00:10]} Qxh3+ {[%emt 0:00:01]} 44. Kxh3 {[%emt 0:00:01]} Kg6 {[%emt 0:00:01]} 45. d6 {[%emt 0:00:01]} Rd8 {[%emt 0:00:01]} 46. Rd5 {[%emt 0:00:01]} f5 {[%emt 0:00:01]} 47. d7 {[%emt 0:00:01]} Kf6 {[%emt 0:00:01]} 48. Bb5 {[%emt 0:00:01]} Ke6 {[%emt 0:00:01]} 49. Rd1 {[%emt 0:00:02]} Ke5 {[%emt 0:00:01]} 50. Kg3 {[%emt 0:00:00]} f4+ {[%emt 0:00:01]} 51. Kg4 {[%emt 0:00:01] Time (Lag: Av=0.88s, max=12.3s)} 1-0

[Event "Stay Safe Play From Home 327"]
[Site "Mustafa Kemal Atatürk"]
[Date "2020.07.23"]
[Round "8"]
[White "Padmaesh M K"]
[Black "Haxhi Baha"]
[Result "1-0"]
[WhiteElo "1801"]
[BlackElo "1928"]
[PlyCount "85"]
[EventDate "2020.07.23"]
[EventType "swiss (blitz)"]

1. Nf3 {[%emt 0:00:03]} b6 {[%emt 0:00:02]} 2. g3 {[%emt 0:00:01]} Bb7 {[%emt 0:00:00]} 3. Bg2 {[%emt 0:00:01]} Nf6 {[%emt 0:00:00]} 4. O-O {[%emt 0:00:01]} g6 {[%emt 0:00:01]} 5. d4 {[%emt 0:00:01]} Bg7 {[%emt 0:00:01]} 6. c4 {[%emt 0:00:01]} O-O {[%emt 0:00:01]} 7. Nc3 {[%emt 0:00:01]} e6 {[%emt 0:00:01]} 8. Bg5 {[%emt 0:00:03]} h6 {[%emt 0:00:01]} 9. Bxf6 {[%emt 0:00:07]} Qxf6 {[%emt 0:00:00]} 10. Qd2 {[%emt 0:00:08]} d6 {[%emt 0:00:07]} 11. Rad1 {[%emt 0:00:03]} Nd7 {[%emt 0:00:03]} 12. Ne5 {[%emt 0:00:04]} dxe5 {[%emt 0:00:10]} 13. dxe5 {[%emt 0:00:16]} Nxe5 {[%emt 0:00:05]} 14. Bxb7 {[%emt 0:00:02]} Rad8 {[%emt 0:00:01]} 15. Qc2 {[%emt 0:00:05]} c5 {[%emt 0:00:10]} 16. Bg2 {[%emt 0:00:09]} h5 {[%emt 0:00:09]} 17. Qa4 {[%emt 0:00:18]} Qe7 {[%emt 0:00:07]} 18. Nb5 {[%emt 0:00:09]} a5 {[%emt 0:00:06]} 19. Qb3 {[%emt 0:00:08]} Ng4 {[%emt 0:00:06]} 20. Nc3 {[%emt 0:00:09]} Rxd1 {[%emt 0:00:09]} 21. Rxd1 {[%emt 0:00:00]} Bd4 {[%emt 0:00:04]} 22. e3 {[%emt 0:00:05]} Bxc3 {[%emt 0:00:26]} 23. Qxc3 {[%emt 0:00:15]} Rd8 {[%emt 0:00:01]} 24. Qb3 {[%emt 0:00:08]} Rd6 {[%emt 0:00:09]} 25. Bf3 {[%emt 0:00:07]} Ne5 {[%emt 0:00:01]} 26. Be2 {[%emt 0:00:03]} Qd7 {[%emt 0:00:06]} 27. Kf1 {[%emt 0:00:08]} f6 {[%emt 0:00:11]} 28. Qc2 {[%emt 0:00:05]} Kf7 {[%emt 0:00:02]} 29. f4 {[%emt 0:00:04]} Nc6 {[%emt 0:00:09]} 30. Bxh5 {[%emt 0:00:06]} gxh5 {[%emt 0:00:14]} 31. Qh7+ {[%emt 0:00:00]} Ke8 {[%emt 0:00:09]} 32. Qg8+ {[%emt 0:00:01]} Ke7 {[%emt 0:00:01]} 33. Qg7+ {[%emt 0:00:01]} Kd8 {[%emt 0:00:01]} 34. Qf8+ {[%emt 0:00:02]} Kc7 {[%emt 0:00:01]} 35. Rxd6 {[%emt 0:00:02]} Qxd6 {[%emt 0:00:00]} 36. Qxf6 {[%emt 0:00:00]} Nb4 {[%emt 0:00:01]} 37. Kg2 {[%emt 0:00:01]} Qd2+ {[%emt 0:00:01]} 38. Kh3 {[%emt 0:00:00]} Qd7 {[%emt 0:00:01]} 39. Qe5+ {[%emt 0:00:02]} Kb7 {[%emt 0:00:02]} 40. Qxh5 {[%emt 0:00:00]} Nc6 {[%emt 0:00:00]} 41. Qf3 {[%emt 0:00:00]} e5+ {[%emt 0:00:00]} 42. f5 {[%emt 0:00:01]} e4 {[%emt 0:00:00]} 43. g4 {[%emt 0:00:00] Time (Lag: Av=0.82s, max=1.6s)} 1-0

[Event "Stay Safe Play From Home 327"]
[Site "Mustafa Kemal Atatürk"]
[Date "2020.07.23"]
[Round "8"]
[White "Tunca"]
[Black "SelamiSahin"]
[Result "0-1"]
[WhiteElo "1772"]
[BlackElo "2096"]
[PlyCount "106"]
[EventDate "2020.07.23"]
[EventType "swiss (blitz)"]

1. e4 {[%emt 0:00:02]} c6 {[%emt 0:00:03]} 2. d4 {[%emt 0:00:01]} d5 {[%emt 0:00:01]} 3. Nc3 {[%emt 0:00:00]} dxe4 {[%emt 0:00:06]} 4. Nxe4 {[%emt 0:00:00]} Nf6 {[%emt 0:00:01]} 5. Ng3 {[%emt 0:00:01]} g6 {[%emt 0:00:03]} 6. Nf3 {[%emt 0:00:02]} Bg7 {[%emt 0:00:04]} 7. Bc4 {[%emt 0:00:04]} O-O {[%emt 0:00:02]} 8. O-O {[%emt 0:00:07]} Nbd7 {[%emt 0:00:01]} 9. Re1 {[%emt 0:00:04]} b6 {[%emt 0:00:02]} 10. Bf4 {[%emt 0:00:20]} Bb7 {[%emt 0:00:01]} 11. Bb3 {[%emt 0:00:09]} e6 {[%emt 0:00:03]} 12. Ne5 {[%emt 0:00:05]} c5 {[%emt 0:00:03]} 13. Qd2 {[%emt 0:00:16]} cxd4 {[%emt 0:00:04]} 14. Qxd4 {[%emt 0:00:00]} Nc5 {[%emt 0:00:02]} 15. Rad1 {[%emt 0:00:18]} Qxd4 {[%emt 0:00:02]} 16. Rxd4 {[%emt 0:00:01]} Nxb3 {[%emt 0:00:08]} 17. axb3 {[%emt 0:00:03]} Nd5 {[%emt 0:00:04]} 18. Bd2 {[%emt 0:00:17]} Rac8 {[%emt 0:00:02]} 19. c4 {[%emt 0:00:01]} Nc7 {[%emt 0:00:08]} 20. Rd7 {[%emt 0:00:02]} Rfd8 {[%emt 0:00:04]} 21. Bc3 {[%emt 0:00:15]} Rxd7 {[%emt 0:00:06]} 22. Nxd7 {[%emt 0:00:02]} Rd8 {[%emt 0:00:02]} 23. Nf6+ {[%emt 0:00:07]} Bxf6 {[%emt 0:00:03]} 24. Bxf6 {[%emt 0:00:02]} Rd3 {[%emt 0:00:03]} 25. Bc3 {[%emt 0:00:01]} a5 {[%emt 0:00:09]} 26. f3 {[%emt 0:00:01]} Na6 {[%emt 0:00:03]} 27. Kf1 {[%emt 0:00:02]} Nc5 {[%emt 0:00:02]} 28. Ke2 {[%emt 0:00:04]} Rd7 {[%emt 0:00:04]} 29. b4 {[%emt 0:00:03]} axb4 {[%emt 0:00:03]} 30. Bxb4 {[%emt 0:00:00]} Nd3 {[%emt 0:00:04]} 31. Rd1 {[%emt 0:00:08]} Nf4+ {[%emt 0:00:03]} 32. Ke1 {[%emt 0:00:01]} Nxg2+ {[%emt 0:00:01]} 33. Ke2 {[%emt 0:00:00]} Rxd1 {[%emt 0:00:14]} 34. Kxd1 {[%emt 0:00:00]} Bxf3+ {[%emt 0:00:01]} 35. Kc2 {[%emt 0:00:01]} h5 {[%emt 0:00:02]} 36. Bd6 {[%emt 0:00:01]} Bc6 {[%emt 0:00:02]} 37. Bc7 {[%emt 0:00:01]} b5 {[%emt 0:00:01]} 38. c5 {[%emt 0:00:01]} h4 {[%emt 0:00:03]} 39. Ne2 {[%emt 0:00:02]} g5 {[%emt 0:00:01]} 40. Nd4 {[%emt 0:00:01]} Bd7 {[%emt 0:00:02]} 41. c6 {[%emt 0:00:01]} Be8 {[%emt 0:00:02]} 42. Kc3 {[%emt 0:00:01]} Ne3 {[%emt 0:00:04]} 43. Kb4 {[%emt 0:00:01]} Nd5+ {[%emt 0:00:01]} 44. Kc5 {[%emt 0:00:01]} Nxc7 {[%emt 0:00:01]} 45. Kd6 {[%emt 0:00:03]} Nd5 {[%emt 0:00:05]} 46. c7 {[%emt 0:00:02]} Nxc7 {[%emt 0:00:02]} 47. Kxc7 {[%emt 0:00:00]} g4 {[%emt 0:00:03]} 48. Kb6 {[%emt 0:00:01]} g3 {[%emt 0:00:01]} 49. hxg3 {[%emt 0:00:01]} hxg3 {[%emt 0:00:00]} 50. Nf3 {[%emt 0:00:02]} e5 {[%emt 0:00:02]} 51. Kc5 {[%emt 0:00:01]} e4 {[%emt 0:00:01]} 52. Ng1 {[%emt 0:00:01]} f5 {[%emt 0:00:01]} 53. Kd4 {[%emt 0:00:00]} Kg7 {[%emt 0:00:00] Time (Lag: Av=0.52s, max=0.6s)} 0-1

[Event "Stay Safe Play From Home 327"]
[Site "Mustafa Kemal Atatürk"]
[Date "2020.07.23"]
[Round "9"]
[White "SelamiSahin"]
[Black "Timbre"]
[Result "1-0"]
[WhiteElo "2106"]
[BlackElo "1637"]
[PlyCount "83"]
[EventDate "2020.07.23"]
[EventType "swiss (blitz)"]

1. d4 {[%emt 0:00:01]} d6 {[%emt 0:00:11]} 2. Nf3 {[%emt 0:00:02]} d5 {[%emt 0:00:01]} 3. c4 {[%emt 0:00:01]} c6 {[%emt 0:00:01]} 4. Nc3 {[%emt 0:00:00]} Nf6 {[%emt 0:00:02]} 5. Bg5 {[%emt 0:00:01]} e6 {[%emt 0:00:02]} 6. e3 {[%emt 0:00:01]} Be7 {[%emt 0:00:01]} 7. Qc2 {[%emt 0:00:01]} Nbd7 {[%emt 0:00:01]} 8. cxd5 {[%emt 0:00:01]} exd5 {[%emt 0:00:02]} 9. Bd3 {[%emt 0:00:01]} O-O {[%emt 0:00:02]} 10. O-O {[%emt 0:00:01]} Nh5 {[%emt 0:00:01]} 11. Bxh7+ {[%emt 0:00:04]} Kh8 {[%emt 0:00:02]} 12. Bxe7 {[%emt 0:00:01]} Qxe7 {[%emt 0:00:02]} 13. Bd3 {[%emt 0:00:02]} Nhf6 {[%emt 0:00:07]} 14. Nd2 {[%emt 0:00:02]} g6 {[%emt 0:00:03]} 15. Rae1 {[%emt 0:00:04]} Kg7 {[%emt 0:00:01]} 16. f3 {[%emt 0:00:00]} Rh8 {[%emt 0:00:05]} 17. e4 {[%emt 0:00:08]} dxe4 {[%emt 0:00:02]} 18. fxe4 {[%emt 0:00:00]} Qd6 {[%emt 0:00:03]} 19. Nf3 {[%emt 0:00:01]} Qf4 {[%emt 0:00:07]} 20. Qd2 {[%emt 0:00:09]} Qc7 {[%emt 0:00:08]} 21. e5 {[%emt 0:00:04]} Nd5 {[%emt 0:00:02]} 22. Ng5 {[%emt 0:00:04]} Rf8 {[%emt 0:00:10]} 23. Qf2 {[%emt 0:00:24]} N7b6 {[%emt 0:00:02]} 24. Qh4 {[%emt 0:00:06]} Rh8 {[%emt 0:00:13]} 25. Qf2 {[%emt 0:00:03]} Rf8 {[%emt 0:00:11]} 26. Nce4 {[%emt 0:00:01]} Bf5 {[%emt 0:00:08]} 27. Nc5 {[%emt 0:00:13]} Bxd3 {[%emt 0:00:03]} 28. Nxd3 {[%emt 0:00:00]} Qe7 {[%emt 0:00:05]} 29. Qg3 {[%emt 0:00:07]} Nc4 {[%emt 0:00:04]} 30. Rf2 {[%emt 0:00:02]} Nce3 {[%emt 0:00:15]} 31. Rxe3 {[%emt 0:00:01]} Nxe3 {[%emt 0:00:02]} 32. Qxe3 {[%emt 0:00:01]} Rad8 {[%emt 0:00:06]} 33. Ne4 {[%emt 0:00:05]} c5 {[%emt 0:00:05]} 34. Ndxc5 {[%emt 0:00:03]} b6 {[%emt 0:00:04]} 35. Nb3 {[%emt 0:00:05]} Qe6 {[%emt 0:00:06]} 36. h3 {[%emt 0:00:04]} Qd5 {[%emt 0:00:06]} 37. Nf6 {[%emt 0:00:03]} Qe6 {[%emt 0:00:02]} 38. Qg5 {[%emt 0:00:01]} Rh8 {[%emt 0:00:05]} 39. Ng4 {[%emt 0:00:04]} Rd7 {[%emt 0:00:02]} 40. Qf6+ {[%emt 0:00:04]} Qxf6 {[%emt 0:00:02]} 41. Nxf6 {[%emt 0:00:00]} Rdd8 {[%emt 0:00:04]} 42. Rd2 {[%emt 0:00:05] Time (Lag: Av=0.62s, max=1.0s) '} 1-0

[Event "Stay Safe Play From Home 327"]
[Site "Mustafa Kemal Atatürk"]
[Date "2020.07.23"]
[Round "9"]
[White "Lazieri3"]
[Black "Ionelluca"]
[Result "1-0"]
[WhiteElo "1991"]
[BlackElo "1909"]
[PlyCount "99"]
[EventDate "2020.07.23"]
[EventType "swiss (blitz)"]

1. e4 {[%emt 0:00:02]} d6 {[%emt 0:00:02]} 2. d4 {[%emt 0:00:02]} Nf6 {[%emt 0:00:01] Lazieri3 offers a draw} 3. Nc3 {[%emt 0:00:11]} c6 {[%emt 0:00:01]} 4. Nf3 {[%emt 0:00:01]} Nbd7 {[%emt 0:00:01]} 5. Be3 {[%emt 0:00:00]} Ng4 {[%emt 0:00:01]} 6. Bf4 {[%emt 0:00:01]} e5 {[%emt 0:00:01]} 7. Bg3 {[%emt 0:00:02]} Qb6 {[%emt 0:00:02]} 8. Rb1 {[%emt 0:00:02]} exd4 {[%emt 0:00:02]} 9. Nxd4 {[%emt 0:00:00]} Nde5 {[%emt 0:00:10]} 10. h3 {[%emt 0:00:02]} Nf6 {[%emt 0:00:02]} 11. Bxe5 {[%emt 0:00:01]} dxe5 {[%emt 0:00:01]} 12. Nf3 {[%emt 0:00:02]} Bb4 {[%emt 0:00:10]} 13. Nxe5 {[%emt 0:00:10]} O-O {[%emt 0:00:10]} 14. f3 {[%emt 0:00:14]} Be6 {[%emt 0:00:26]} 15. Bd3 {[%emt 0:00:03]} Qd4 {[%emt 0:00:11]} 16. Ng4 {[%emt 0:00:03]} Nh5 {[%emt 0:00:10]} 17. Qd2 {[%emt 0:00:11]} Ng3 {[%emt 0:00:07]} 18. Rf1 {[%emt 0:00:45]} f5 {[%emt 0:00:10]} 19. a3 {[%emt 0:00:13]} Nxf1 {[%emt 0:00:02]} 20. Kxf1 {[%emt 0:00:05]} fxg4 {[%emt 0:00:04]} 21. axb4 {[%emt 0:00:02]} gxh3 {[%emt 0:00:04]} 22. Qf2 {[%emt 0:00:11]} hxg2+ {[%emt 0:00:14]} 23. Kxg2 {[%emt 0:00:02]} Qe5 {[%emt 0:00:03]} 24. Rh1 {[%emt 0:00:05]} Rf6 {[%emt 0:00:01]} 25. Qh4 {[%emt 0:00:08]} Rh6 {[%emt 0:00:06]} 26. f4 {[%emt 0:00:11]} Rxh4 {[%emt 0:00:10]} 27. fxe5 {[%emt 0:00:00]} Rxh1 {[%emt 0:00:01]} 28. Kxh1 {[%emt 0:00:00]} Rf8 {[%emt 0:00:01]} 29. Kg2 {[%emt 0:00:01]} g6 {[%emt 0:00:01]} 30. Ne2 {[%emt 0:00:01]} Kg7 {[%emt 0:00:02]} 31. Nd4 {[%emt 0:00:01]} Bg8 {[%emt 0:00:02]} 32. e6 {[%emt 0:00:01]} Re8 {[%emt 0:00:01]} 33. Bc4 {[%emt 0:00:01]} b6 {[%emt 0:00:02]} 34. Nxc6 {[%emt 0:00:01]} Bxe6 {[%emt 0:00:02]} 35. Bd3 {[%emt 0:00:01]} Bd7 {[%emt 0:00:01]} 36. Nxa7 {[%emt 0:00:01]} Rf8 {[%emt 0:00:01]} 37. Nb5 {[%emt 0:00:01]} Bxb5 {[%emt 0:00:01]} 38. Bxb5 {[%emt 0:00:00]} Rf6 {[%emt 0:00:01]} 39. Bd3 {[%emt 0:00:00]} Re6 {[%emt 0:00:01]} 40. Kg3 {[%emt 0:00:01]} Re5 {[%emt 0:00:01]} 41. Kf3 {[%emt 0:00:00]} Kf6 {[%emt 0:00:01]} 42. Ke3 {[%emt 0:00:00]} g5 {[%emt 0:00:01]} 43. Kd4 {[%emt 0:00:00]} h5 {[%emt 0:00:01]} 44. c4 {[%emt 0:00:00]} h4 {[%emt 0:00:01]} 45. c5 {[%emt 0:00:00]} bxc5+ {[%emt 0:00:01]} 46. bxc5 {[%emt 0:00:00]} h3 {[%emt 0:00:01]} 47. c6 {[%emt 0:00:00]} h2 {[%emt 0:00:01]} 48. c7 {[%emt 0:00:00]} Re8 {[%emt 0:00:01]} 49. c8=Q {[%emt 0:00:00]} Rxc8 {[%emt 0:00:02]} 50. e5+ {[%emt 0:00:00] Time} 1-0

[Event "Stay Safe Play From Home 327"]
[Site "Mustafa Kemal Atatürk"]
[Date "2020.07.23"]
[Round "9"]
[White "Haxhi Baha"]
[Black "Klasman"]
[Result "0-1"]
[WhiteElo "1905"]
[BlackElo "1478"]
[PlyCount "56"]
[EventDate "2020.07.23"]
[EventType "swiss (blitz)"]

1. e4 {[%emt 0:00:02]} f5 {[%emt 0:00:02]} 2. exf5 {[%emt 0:00:01]} Nf6 {[%emt 0:00:01]} 3. d4 {[%emt 0:00:02]} d5 {[%emt 0:00:01]} 4. Bd3 {[%emt 0:00:01]} e6 {[%emt 0:00:02]} 5. fxe6 {[%emt 0:00:06]} Nc6 {[%emt 0:00:01]} 6. Nf3 {[%emt 0:00:01]} Bd6 {[%emt 0:00:02]} 7. O-O {[%emt 0:00:01]} O-O {[%emt 0:00:04]} 8. Re1 {[%emt 0:00:01]} Qe7 {[%emt 0:00:12]} 9. c3 {[%emt 0:00:02]} h6 {[%emt 0:00:05]} 10. Nh4 {[%emt 0:00:06]} Bxe6 {[%emt 0:00:54]} 11. Ng6 {[%emt 0:00:05]} Qf7 {[%emt 0:00:01]} 12. Nxf8 {[%emt 0:00:03]} Rxf8 {[%emt 0:00:01]} 13. Be3 {[%emt 0:00:19]} Bxh2+ {[%emt 0:00:05]} 14. Kxh2 {[%emt 0:00:01]} Ng4+ {[%emt 0:00:01]} 15. Kg1 {[%emt 0:00:41]} Qh5 {[%emt 0:00:12]} 16. Nd2 {[%emt 0:00:21]} Qh2+ {[%emt 0:00:08]} 17. Kf1 {[%emt 0:00:01]} Qh1+ {[%emt 0:00:01]} 18. Ke2 {[%emt 0:00:01]} Qxg2 {[%emt 0:00:03]} 19. Nf3 {[%emt 0:00:37]} Rxf3 {[%emt 0:00:13]} 20. Kd2 {[%emt 0:00:01]} Nxf2 {[%emt 0:00:03]} 21. Bxf2 {[%emt 0:00:03]} Rxf2+ {[%emt 0:00:05]} 22. Re2 {[%emt 0:00:01]} Bg4 {[%emt 0:00:01]} 23. Qg1 {[%emt 0:00:10]} Rxe2+ {[%emt 0:00:03]} 24. Bxe2 {[%emt 0:00:01]} Qxe2+ {[%emt 0:00:01]} 25. Kc1 {[%emt 0:00:01]} h5 {[%emt 0:00:03]} 26. a4 {[%emt 0:00:06]} a5 {[%emt 0:00:03]} 27. b4 {[%emt 0:00:04]} axb4 {[%emt 0:00:02]} 28. cxb4 {[%emt 0:00:02]} Nxb4 {[%emt 0:00:01] Time (Lag: Av=0.68s, max=1.3s)} 0-1